| 000 | 01369nam a22002777a 4500 | ||
|---|---|---|---|
| 001 | 8662 | ||
| 003 | FISKH | ||
| 005 | 20260323121227.0 | ||
| 008 | 251009b cb ||||| |||| 00| 0 eng d | ||
| 040 |
_aFISKH _bkhr _cFISKH _dFISKH |
||
| 050 | _aPZ7 | ||
| 082 | _a808.83 | ||
| 100 | _aMinistry of Education, Youth and Sports | ||
| 245 |
_aសំឡេងនៅយប់មួយ / _cBy Ministry of Education , Youth and Sports |
||
| 260 |
_aPhnom Penh : _bកិច្ចសហប្រតិបត្តិការអភិវឌ្ឍន៍ប៊ែលហ្ស៊ិក , |
||
| 300 |
_a8 pages : _bcolor illustrations ; _c25 cm . |
||
| 505 | _aD | ||
| 520 | _aមួយយប់ មានភ្លៀងខ្លាំងចែមបានឮសំឡេងចម្លែក។ គាត់សម្រេចចិត្តទៅស្ទូចមើលនៅជុំវិញផ្ទះរបស់គាត់ ហើយអ្នកដឹងទេថាគាត់រកឃើញអ្វី? | ||
| 520 | _aOne night, there was a heavy rain, Jem heard the strange noise. He decided to look around his house and guess what he found out? | ||
| 521 | 8 |
_a160
_bLexile estimate |
|
| 521 | 8 |
_aD
_bRaz-Plus |
|
| 650 | _a សំឡេងនៅយប់មួយ | ||
| 650 | _aStrange noise at night | ||
| 942 |
_2ddc _cKHB _n0 |
||
| 999 |
_c8662 _d8662 |
||